[Event "New York Int op 13th"]
[Site "New York"]
[Date "2025.07.18"]
[Round "4"]
[White "Xu, Grant"]
[Black "Brain, Logan J"]
[Result "1-0"]
[WhiteElo "2301"]
[BlackElo "2147"]
[PlyCount "57"]
[EventDate "2025.07.16"]
[EventType "swiss"]
[EventRounds "9"]
[EventCountry "USA"]
[SourceTitle "CB30_2025"]
[SourceDate "2025.07.23"]
[SourceVersion "1"]
[SourceVersionDate "2025.07.23"]
[SourceQuality "1"]

1. d4 Nf6 2. Nc3 d5 3. Bf4 e6 4. Nb5 Na6 5. e3 Be7 6. Nf3 0-0 7. Bd3 c6 8. Nc3 Nb4 9. Be2 c5 10. Ne5 Bd7 11. 0-0 Rc8 12. Bg3 a6 13. f4 Nc6 14. Kh1 b5 15. Bf3 Na5 16. a3 Nc4 17. Nxc4 bxc4 18. f5 Qb6 19. Rb1 Rfe8 20. Be5 Bc6 21. fxe6 fxe6 22. Bg4 Bd8 23. Bh3 Qa7 24. Ne2 Bd7 25. Nf4 Rc6 26. Nh5 Nxh5 27. Qxh5 g6 28. Qh6 Bc8 29. Rf3 1-0

[Event "New York Int op 13th"]
[Site "New York"]
[Date "2025.07.17"]
[Round "3"]
[White "Gershenov, Ben"]
[Black "Xu, Grant"]
[Result "1-0"]
[WhiteElo "2135"]
[BlackElo "2301"]
[PlyCount "38"]
[EventDate "2025.07.16"]
[EventType "swiss"]
[EventRounds "9"]
[EventCountry "USA"]
[SourceTitle "CB30_2025"]
[SourceDate "2025.07.23"]
[SourceVersion "1"]
[SourceVersionDate "2025.07.23"]
[SourceQuality "1"]

1. d4 f5 2. Bf4 Nf6 3. e3 d6 4. c4 g6 5. Nc3 Bg7 6. Nf3 0-0 7. c5 h6 8. h4 Qe8 9. Bc4+ Kh7 10. Ng5+ hxg5 11. hxg5+ Nh5 12. Nd5 Na6 13. Nxe7 Qxe7 14. Rxh5+ Bh6 15. Rxh6+ Kg7 16. cxd6 cxd6 17. d5 Qe4 18. Qb3 Kf7 19. f3 Nb8 1-0

[Event "New York Int op 13th"]
[Site "New York"]
[Date "2025.07.16"]
[Round "1"]
[White "Weisz, Bryan"]
[Black "Xu, Grant"]
[Result "0-1"]
[WhiteElo "2059"]
[BlackElo "2301"]
[PlyCount "84"]
[EventDate "2025.07.16"]
[EventType "swiss"]
[EventRounds "9"]
[EventCountry "USA"]
[SourceTitle "CB30_2025"]
[SourceDate "2025.07.23"]
[SourceVersion "1"]
[SourceVersionDate "2025.07.23"]
[SourceQuality "1"]

1. e4 g6 2. d4 Bg7 3. Nc3 d6 4. Be3 Nf6 5. h3 c6 6. g4 Qa5 7. Bg2 e5 8. Nge2 Nbd7 9. 0-0 0-0 10. f4 exd4 11. Bxd4 Re8 12. Ng3 h6 13. Qd2 Nb6 14. Rad1 Nc4 15. Qc1 Nh7 16. Kh2 Bd7 17. Bxg7 Kxg7 18. Rd3 Qc7 19. b3 Nb6 20. Rfd1 Nc8 21. Nce2 Nf8 22. c4 a5 23. Qc3+ Kg8 24. e5 dxe5 25. Ne4 Kg7 26. N2g3 Nb6 27. Nd6 Re7 28. fxe5 Be6 29. Ngf5+ Bxf5 30. gxf5 Kg8 31. f6 Re6 32. Rg3 Nbd7 33. Qd2 Nxe5 34. Qxh6 Rxf6 35. Ne4 Rf5 36. Nd6 Rf6 37. Ne4 Re6 38. Rf1 Nh7 39. Qf4 Qe7 40. h4 Rd8 41. Qh6 Rd3 42. Rxd3 Ng4+ 0-1

[Event "Sardinia World op-A"]
[Site "Orosei"]
[Date "2025.05.02"]
[Round "8"]
[White "Xu, Grant"]
[Black "Van der Lende, Ilias"]
[Result "1-0"]
[WhiteElo "2304"]
[BlackElo "2410"]
[PlyCount "119"]
[EventDate "2025.04.27"]
[EventType "swiss"]
[EventRounds "9"]
[EventCountry "ITA"]
[SourceTitle "CB19_2025"]
[SourceDate "2025.05.07"]
[SourceVersion "1"]
[SourceVersionDate "2025.05.07"]
[SourceQuality "1"]

1. e4 c5 2. d4 cxd4 3. c3 Nf6 4. e5 Nd5 5. Nf3 Nc6 6. cxd4 d6 7. Bc4 e6 8. 0-0 Be7 9. Qe2 0-0 10. Nc3 Nxc3 11. bxc3 dxe5 12. dxe5 b6 13. Qe4 Bb7 14. Bd3 g6 15. Bh6 Na5 16. Qe3 Re8 17. Ng5 Rc8 18. Rfd1 Qc7 19. Qf4 f5 20. Bb5 Bxg5 21. Bxg5 Bc6 22. Bf1 Bd5 23. Rac1 Nc4 24. Re1 b5 25. h4 h5 26. Bf6 Kh7 27. Qg5 Qf7 28. Rcd1 Qf8 29. Rd4 Na3 30. Qd2 Qc5 31. Rc1 a5 32. Be2 Qf8 33. Bf3 Nc4 34. Qd3 Qa3 35. Rf1 Nb6 36. Qxb5 Qc5 37. Rb1 Na8 38. Bxd5 Qxb5 39. Rxb5 exd5 40. Rdxd5 Rc7 41. Rxa5 Rec8 42. e6 Kg8 43. Rd8+ Rxd8 44. Bxd8 Rc8 45. Bf6 Kf8 46. Rd5 Re8 47. Rd8 Nc7 48. e7+ Kf7 49. Bg5 Ne6 50. a4 f4 51. a5 f3 52. a6 fxg2 53. a7 Nc7 54. Kxg2 Na8 55. c4 Nc7 56. Kf3 Na8 57. Ke4 Nc7 58. Ke5 Na8 59. Kd6 Nb6 60. Kc6 1-0

[Event "New York President's Day IM-B"]
[Site "New York"]
[Date "2024.02.16"]
[Round "3"]
[White "Jimenez Fraga, Pedro Alejandro"]
[Black "Xu, Grant"]
[Result "1-0"]
[WhiteElo "2447"]
[BlackElo "2313"]
[PlyCount "79"]
[EventDate "2024.02.15"]
[EventType "schev"]
[EventRounds "9"]
[EventCountry "USA"]
[SourceTitle "CBM 218 Extra"]
[Source "ChessBase"]
[SourceDate "2024.03.31"]
[SourceVersion "1"]
[SourceVersionDate "2024.03.31"]
[SourceQuality "1"]

1. e4 d6 2. d4 Nf6 3. f3 c6 4. Be3 e5 5. c4 exd4 6. Bxd4 Be7 7. Nc3 0-0 8. Nge2 Re8 9. g3 Na6 10. Bg2 Be6 11. b3 d5 12. cxd5 cxd5 13. e5 Nd7 14. 0-0 Nb6 15. f4 f6 16. Kh1 fxe5 17. fxe5 Bc5 18. Nf4 Qg5 19. Bxc5 Nxc5 20. Qd4 Rac8 21. Rae1 Kh8 22. Nb5 Bg8 23. Nd6 Ne6 24. Nxe6 Bxe6 25. a4 Rcd8 26. a5 Nc8 27. Nxe8 Rxe8 28. Bxd5 Qd8 29. Rd1 Bh3 30. Rf7 Ne7 31. Bg2 Qxd4 32. Rxd4 Kg8 33. Rf2 Bxg2+ 34. Kxg2 Nc6 35. Rd7 Rxe5 36. Rxb7 Rxa5 37. Rc7 Nd8 38. Rd7 Nc6 39. Rd6 Rc5 40. b4 1-0

[Event "Edward Lasker Memorial 107th"]
[Site "New York"]
[Date "2023.12.08"]
[Round "2"]
[White "Xu, Grant"]
[Black "Tang, Andrew"]
[Result "1-0"]
[WhiteElo "2285"]
[BlackElo "2509"]
[PlyCount "137"]
[EventDate "2023.12.07"]
[EventType "swiss"]
[EventRounds "6"]
[EventCountry "USA"]
[SourceTitle "CBM 217 Extra"]
[Source "ChessBase"]
[SourceDate "2024.01.31"]
[SourceVersion "1"]
[SourceVersionDate "2024.01.31"]
[SourceQuality "1"]

1. e4 e5 2. Nf3 Nc6 3. Bc4 Nf6 4. d3 h6 5. c3 d6 6. a4 g6 7. 0-0 Bg7 8. Nbd2 0-0 9. b4 d5 10. exd5 Nxd5 11. Ne4 Be6 12. Qb3 Kh7 13. Re1 b6 14. Bd2 Qd7 15. h4 Rad8 16. h5 Bg4 17. hxg6+ fxg6 18. Nh2 Be6 19. Rad1 Qf7 20. Qc2 Kg8 21. Bc1 Nce7 22. b5 g5 23. Ba3 Rfe8 24. Ng3 Ng6 25. Re4 Nh4 26. Ng4 Nf4 27. Bxe6 Rxe6 28. Ne3 Rf6 29. Ng4 Re6 30. Ne3 h5 31. Rc4 g4 32. Ne4 Rg6 33. Rc6 Rxc6 34. bxc6 Bh6 35. d4 exd4 36. Rxd4 Rxd4 37. cxd4 Bg7 38. Ng5 Qg6 39. Qxg6 Nhxg6 40. d5 Bf6 41. d6 Bd8 42. g3 Ne2+ 43. Kf1 Nd4 44. dxc7 Bxc7 45. Nd5 Bxg3 46. Nf6+ Kg7 47. Nxh5+ Kh6 48. Nxg3 Nxc6 49. Nf7+ Kg7 50. Nd6 Kf6 51. Ke2 Ke5 52. Nc4+ Kd4 53. Ne3 Kc3 54. Nxg4 Nd4+ 55. Kd1 Kb3 56. Bd6 Kxa4 57. f4 Nb5 58. Bb8 Ne7 59. f5 Nc6 60. Bf4 Nc3+ 61. Kd2 Nd5 62. Bd6 Kb3 63. Ne4 a5 64. Ne3 Nde7 65. f6 Ng6 66. Nd5 Nge5 67. Nxb6 a4 68. Nc5+ Kb4 69. Nd3+ 1-0

[Event "New York Summer 1000 GM IM-C"]
[Site "New York"]
[Date "2023.07.07"]
[Round "2.1"]
[White "Brodowski, Piotr"]
[Black "Xu, Grant"]
[Result "1-0"]
[WhiteElo "2457"]
[BlackElo "2297"]
[PlyCount "115"]
[EventDate "2023.07.06"]
[EventType "schev"]
[EventRounds "9"]
[EventCountry "USA"]
[SourceTitle "CBM 215 Extra"]
[Source "ChessBase"]
[SourceDate "2023.09.30"]
[SourceVersion "1"]
[SourceVersionDate "2023.09.30"]
[SourceQuality "1"]
[WhiteTeam "Team A"]
[BlackTeam "Team C"]
[WhiteTeamCountry "USA"]
[BlackTeamCountry "USA"]

1. Nf3 g6 2. e4 Bg7 3. d4 d5 4. exd5 Qxd5 5. c4 Qd6 6. h3 Nf6 7. Nc3 c6 8. Be3 0-0 9. Qb3 Qc7 10. Be2 b6 11. 0-0 Nbd7 12. Rfd1 Bb7 13. Rac1 Rad8 14. c5 e6 15. Qa3 Nd5 16. Bg5 Nxc3 17. Qxc3 Nf6 18. Qa3 b5 19. Bh4 Ra8 20. Bg3 Qd8 21. Bd6 Re8 22. Ne5 Nd5 23. Bf3 a5 24. Re1 f6 25. Nd3 b4 26. Qa4 Bf8 27. Bg3 Qd7 28. Bxd5 exd5 29. Rxe8 Qxe8 30. Re1 Qd7 31. a3 Qf5 32. Re3 bxa3 33. bxa3 Qd7 34. Nf4 Bh6 35. Rb3 Ba6 36. Qxa5 Qc8 37. Qe1 Kf7 38. Qb1 Ra7 39. Kh2 Rb7 40. Rb6 Rxb6 41. cxb6 Bf8 42. a4 Qa8 43. a5 Bb7 44. Qe1 Qc8 45. Nd3 Ba6 46. Qc3 Ke8 47. Nc5 Bxc5 48. Qxc5 Qe6 49. Qc1 g5 50. Qb1 Qe4 51. Qb2 Qe7 52. Bc7 Bb5 53. f4 Kd7 54. a6 Kc8 55. a7 Kb7 56. a8Q+ Kxa8 57. Qa2+ Kb7 58. Qa7+ 1-0

[Event "New York Summer 1000 GM IM-C"]
[Site "New York"]
[Date "2023.07.07"]
[Round "3.1"]
[White "Xu, Grant"]
[Black "Nakada, Akira W"]
[Result "0-1"]
[WhiteElo "2297"]
[BlackElo "2340"]
[PlyCount "89"]
[EventDate "2023.07.06"]
[EventType "schev"]
[EventRounds "9"]
[EventCountry "USA"]
[SourceTitle "CBM 215 Extra"]
[Source "ChessBase"]
[SourceDate "2023.09.30"]
[SourceVersion "1"]
[SourceVersionDate "2023.09.30"]
[SourceQuality "1"]
[WhiteTeam "Team C"]
[BlackTeam "Team B"]
[WhiteTeamCountry "USA"]
[BlackTeamCountry "USA"]

1. e4 c6 2. d4 d5 3. Nd2 dxe4 4. Nxe4 Nf6 5. Nxf6+ exf6 6. c3 Bd6 7. Bd3 0-0 8. Qc2 Re8+ 9. Ne2 h5 10. Be3 Nd7 11. 0-0-0 Nf8 12. c4 Be6 13. Kb1 Rc8 14. a3 Ng6 15. Nc3 Ne7 16. h3 h4 17. g3 hxg3 18. Rdg1 b5 19. c5 Bc7 20. fxg3 Nd5 21. Bf2 Nxc3+ 22. bxc3 Bd5 23. Rh2 Bc4 24. Be4 Qd7 25. Re1 g6 26. Rhh1 f5 27. Bf3 Bd5 28. Qd3 Be4 29. Bxe4 fxe4 30. Qc2 Qd5 31. Re3 Re6 32. h4 Rce8 33. Kb2 a5 34. Rd1 Bd8 35. Qb3 Qf5 36. Re2 Bf6 37. Be1 Qf1 38. Rdd2 Qh3 39. Rf2 Bxh4 40. d5 cxd5 41. Qxd5 Bf6 42. c6 Re5 43. Qd7 Qe6 44. Rde2 Bg5 45. c7 0-1

[Event "Titled Tuesday intern op 06th Dec Late"]
[Site "Chess.com INT"]
[Date "2022.12.06"]
[Round "9"]
[White "Mahdavi, Reza"]
[Black "Xu, Grant"]
[Result "1-0"]
[WhiteElo "2315"]
[BlackElo "2205"]
[PlyCount "39"]
[EventDate "2022.12.06"]
[EventType "swiss (blitz)"]
[EventRounds "11"]
[EventCountry "USA"]
[SourceTitle "CBM 211 Extra"]
[Source "ChessBase"]
[SourceDate "2023.01.31"]
[SourceVersion "1"]
[SourceVersionDate "2023.01.31"]
[SourceQuality "1"]

1. e4 e6 2. d4 d5 3. Nc3 Bb4 4. exd5 exd5 5. Bd3 Nf6 6. Nge2 0-0 7. 0-0 h6 8. Bf4 Re8 9. f3 Bd6 10. Qd2 Bxf4 11. Nxf4 c6 12. Rae1 Nbd7 13. g4 Nf8 14. h4 Rxe1 15. Rxe1 Qb6 16. g5 hxg5 17. hxg5 N6h7 18. Bxh7+ Kxh7 19. Re8 Ng6 20. Qh2+ 1-0

[Event "Titled Tuesday intern op 06th Dec Late"]
[Site "Chess.com INT"]
[Date "2022.12.06"]
[Round "6"]
[White "Shohat, Yotam"]
[Black "Xu, Grant"]
[Result "1/2-1/2"]
[WhiteElo "2294"]
[BlackElo "2205"]
[PlyCount "227"]
[EventDate "2022.12.06"]
[EventType "swiss (blitz)"]
[EventRounds "11"]
[EventCountry "USA"]
[SourceTitle "CBM 211 Extra"]
[Source "ChessBase"]
[SourceDate "2023.01.31"]
[SourceVersion "1"]
[SourceVersionDate "2023.01.31"]
[SourceQuality "1"]

1. e4 e6 2. d4 d5 3. Nc3 Bb4 4. e5 c5 5. a3 Bxc3+ 6. bxc3 Ne7 7. a4 Qa5 8. Qd2 Nbc6 9. Nf3 Bd7 10. Bd3 0-0-0 11. 0-0 c4 12. Be2 f6 13. Ba3 fxe5 14. dxe5 Ng6 15. Bd6 Nce7 16. Rfb1 Nf5 17. Bb4 Qc7 18. g4 Nfh4 19. Nxh4 Nxh4 20. Bd6 Qc6 21. Qd4 Qa6 22. Rb4 Bc6 23. Be7 Ng6 24. Bxd8 Rxd8 25. f4 Rf8 26. Rf1 Nh4 27. f5 Qa5 28. fxe6 Rxf1+ 29. Kxf1 Qd8 30. Qf4 Ng6 31. Qf5 Qe7 32. Bxc4 dxc4 33. Rxc4 Nf8 34. Rd4 Nxe6 35. Rd6 Bd7 36. Qd3 Qf7+ 37. Kg1 Nf4 38. Qe4 Bc6 39. Qf5+ Qxf5 40. gxf5 Ne2+ 41. Kf2 Nxc3 42. Ke3 Nd5+ 43. Kd4 Ne7 44. f6 Nf5+ 45. Kc5 gxf6 46. Rxf6 Ne3 47. Kd6 Nc4+ 48. Ke6 Kc7 49. Rf7+ Kb6 50. Kf6 Bxa4 51. e6 Nd6 52. Rxh7 Bxc2 53. Rd7 Ne8+ 54. Kf7 Nc7 55. e7 Ba4 56. Rd8 a5 57. h4 Bb3+ 58. Kf8 Ne6+ 59. Ke8 Nc7+ 60. Kd7 a4 61. e8Q Nxe8 62. Rxe8 a3 63. Ra8 a2 64. h5 Bc4 65. h6 Ba6 66. h7 a1Q 67. h8Q Bb5+ 68. Kd6 Qd1+ 69. Ke7 Qe2+ 70. Kf8 Qf3+ 71. Kg7 Qg4+ 72. Kh6 Qh4+ 73. Kg7 Qg5+ 74. Kf8 Qf5+ 75. Kg7 Qd7+ 76. Kh6 Qe6+ 77. Kg7 Qe7+ 78. Kh6 Qh4+ 79. Kg7 Qd4+ 80. Kh6 Qd6+ 81. Kg7 Qe5+ 82. Kh6 Qe6+ 83. Kg7 Bc4 84. Qh6 Kc5 85. Qxe6 Bxe6 86. Kf6 Bd5 87. Ke5 b5 88. Rc8+ Bc6 89. Rb8 b4 90. Kf4 Kc4 91. Ke3 Ba4 92. Kd2 Kb3 93. Kc1 Kc3 94. Rc8+ Kd3 95. Rd8+ Kc4 96. Kb2 Bc6 97. Rc8 Kb5 98. Rb8+ Kc5 99. Rc8 Kb5 100. Rf8 Kc4 101. Rf4+ Kc5 102. Rf5+ Kc4 103. Rg5 Bd5 104. Rg4+ Kc5 105. Rh4 Kb5 106. Rh5 Kc5 107. Kc2 Kc4 108. Rh4+ Kc5 109. Kd3 b3 110. Kc3 Be6 111. Rh5+ Kd6 112. Rh6 Ke5 113. Rxe6+ Kxe6 114. Kxb3 1/2-1/2

[Event "Titled Tuesday intern op 06th Dec Late"]
[Site "Chess.com INT"]
[Date "2022.12.06"]
[Round "7"]
[White "Xu, Grant"]
[Black "Doshi, Moksh Amitbhai"]
[Result "1-0"]
[WhiteElo "2205"]
[BlackElo "2414"]
[PlyCount "77"]
[EventDate "2022.12.06"]
[EventType "swiss (blitz)"]
[EventRounds "11"]
[EventCountry "USA"]
[SourceTitle "CBM 211 Extra"]
[Source "ChessBase"]
[SourceDate "2023.01.31"]
[SourceVersion "1"]
[SourceVersionDate "2023.01.31"]
[SourceQuality "1"]

1. e4 c5 2. d4 cxd4 3. c3 Nf6 4. e5 Nd5 5. Nf3 Nc6 6. Bc4 e6 7. cxd4 d6 8. a3 Bd7 9. 0-0 Be7 10. Re1 0-0 11. Nbd2 Rc8 12. Bd3 Re8 13. Ne4 dxe5 14. dxe5 h6 15. b4 a6 16. Bb2 Na7 17. Qd2 Bb5 18. Bxb5 Nxb5 19. Rac1 Nb6 20. Rxc8 Qxc8 21. Rc1 Qd8 22. Qc2 Qd5 23. a4 Nxa4 24. Nf6+ Bxf6 25. Qxa4 Be7 26. Rd1 Qe4 27. h3 Qxb4 28. Qc2 a5 29. Rd7 a4 30. Rxb7 a3 31. Bxa3 Nxa3 32. Qc6 Qxb7 33. Qxb7 Bf8 34. g4 Rd8 35. g5 h5 36. g6 fxg6 37. Ng5 Nc2 38. Qf7+ Kh8 39. Qxg6 1-0

[Event "New York Winter IM-D"]
[Site "New York"]
[Date "2022.01.17"]
[Round "8"]
[White "Paragua, Mark"]
[Black "Xu, Grant"]
[Result "1-0"]
[WhiteElo "2467"]
[BlackElo "2231"]
[PlyCount "99"]
[EventDate "2022.01.13"]
[EventType "tourn"]
[EventRounds "9"]
[EventCountry "USA"]
[SourceTitle "CBM 206 Extra"]
[Source "ChessBase"]
[SourceDate "2022.03.31"]
[SourceVersion "1"]
[SourceVersionDate "2022.03.31"]
[SourceQuality "1"]

1. Nf3 Nf6 2. g3 b6 3. Bg2 Bb7 4. 0-0 e6 5. c4 Be7 6. Nc3 c5 7. Re1 0-0 8. e4 d6 9. d4 cxd4 10. Nxd4 Qc8 11. Be3 Rd8 12. Rc1 Nc6 13. Nd5 Qd7 14. Nxe7+ Qxe7 15. h3 Rac8 16. b3 h6 17. f4 Nxd4 18. Bxd4 e5 19. Bb2 Bc6 20. Rc2 b5 21. cxb5 Bxb5 22. Rd2 Qc7 23. Kh2 Nh7 24. Ba3 exf4 25. gxf4 d5 26. e5 Qa5 27. Bd6 Bc6 28. Ree2 Nf8 29. f5 Nh7 30. f6 Rxd6 31. exd6 Nxf6 32. Qg1 Rd8 33. Rc2 Rxd6 34. Re7 Bd7 35. Qd4 Qd8 36. Qe5 Qb6 37. b4 Kf8 38. a4 Re6 39. Rxe6 fxe6 40. b5 Ke7 41. Qc7 Ne8 42. Qxb6 axb6 43. a5 Bxb5 44. axb6 Ba6 45. Bf1 Bb7 46. Bb5 Nd6 47. Rc7+ Kf6 48. Bc6 Bxc6 49. Rxc6 Ke7 50. b7 1-0

[Event "New York Winter IM-D"]
[Site "New York"]
[Date "2022.01.17"]
[Round "9"]
[White "Xu, Grant"]
[Black "Miller, Rachel"]
[Result "1-0"]
[WhiteElo "2231"]
[BlackElo "1983"]
[PlyCount "125"]
[EventDate "2022.01.13"]
[EventType "tourn"]
[EventRounds "9"]
[EventCountry "USA"]
[SourceTitle "CBM 206 Extra"]
[Source "ChessBase"]
[SourceDate "2022.03.31"]
[SourceVersion "1"]
[SourceVersionDate "2022.03.31"]
[SourceQuality "1"]

1. e4 e5 2. Nf3 Nc6 3. Bc4 Bc5 4. c3 Nf6 5. d3 d6 6. Bb3 h6 7. Nbd2 0-0 8. h3 a5 9. a4 Be6 10. Bc2 d5 11. Qe2 Re8 12. Nf1 Qb8 13. g4 dxe4 14. dxe4 Nd7 15. Ng3 Qa7 16. Nf5 Nb6 17. b3 Red8 18. Qb5 Nc8 19. 0-0 Nd6 20. Qe2 Qb6 21. Rb1 Ne8 22. N3h4 Ne7 23. Kh2 Ng6 24. Qf3 Rd7 25. Ng2 Rad8 26. h4 Qc6 27. h5 Nf8 28. Qg3 f6 29. Nge3 Nh7 30. Nd5 Bf8 31. c4 Qa6 32. Be3 Kh8 33. Nh4 Kg8 34. Ng6 Bf7 35. Nxf8 Nxf8 36. f4 exf4 37. Bxf4 Ne6 38. Be3 Qd6 39. Rbd1 Qxg3+ 40. Kxg3 c6 41. Nc3 Nd4 42. Rf2 Nxc2 43. Rxd7 Rxd7 44. Rxc2 b5 45. axb5 cxb5 46. Nxb5 Rd3 47. Rc3 Rxc3 48. Nxc3 Nd6 49. Bb6 Nb7 50. Nd5 Kf8 51. c5 Ke8 52. c6 Nd6 53. Kf4 Be6 54. Nc7+ Kf7 55. Nxe6 Kxe6 56. Bxa5 Nb5 57. c7 Kd7 58. Kf5 Nd6+ 59. Kg6 Nxe4 60. Kxg7 Nf2 61. Kxh6 Nxg4+ 62. Kg6 Ne3 63. h6 1-0

[Event "New York Winter IM-D"]
[Site "New York"]
[Date "2022.01.16"]
[Round "7"]
[White "Managadze, Nikoloz"]
[Black "Xu, Grant"]
[Result "1-0"]
[WhiteElo "2436"]
[BlackElo "2231"]
[PlyCount "71"]
[EventDate "2022.01.13"]
[EventType "tourn"]
[EventRounds "9"]
[EventCountry "USA"]
[SourceTitle "CBM 206 Extra"]
[Source "ChessBase"]
[SourceDate "2022.03.31"]
[SourceVersion "1"]
[SourceVersionDate "2022.03.31"]
[SourceQuality "1"]

1. c4 e5 2. g3 Nc6 3. Bg2 f5 4. e3 Nf6 5. Nc3 Bc5 6. Nge2 e4 7. d4 exd3 8. Qxd3 d6 9. Nd4 Ne5 10. Qc2 0-0 11. 0-0 Qe8 12. Nd5 Nxd5 13. cxd5 Qh5 14. Qd1 Qg6 15. Ne2 Bd7 16. Nf4 Qe8 17. h4 a5 18. Bd2 a4 19. Bc3 Bb6 20. Re1 Rf7 21. Rc1 Re7 22. Re2 Bb5 23. Rec2 c5 24. dxc6 bxc6 25. Nd5 Bc5 26. Nxe7+ Qxe7 27. Bxe5 Qxe5 28. Qd2 Qe6 29. a3 Re8 30. Bf1 Qe4 31. Bxb5 cxb5 32. Rxc5 dxc5 33. Rxc5 Rb8 34. Qd6 Rf8 35. Qd5+ Qxd5 36. Rxd5 1-0

[Event "New York Winter IM-D"]
[Site "New York"]
[Date "2022.01.14"]
[Round "3"]
[White "Chiku Ratte, Olivier Kenta"]
[Black "Xu, Grant"]
[Result "1/2-1/2"]
[WhiteElo "2380"]
[BlackElo "2231"]
[PlyCount "163"]
[EventDate "2022.01.13"]
[EventType "tourn"]
[EventRounds "9"]
[EventCountry "USA"]
[SourceTitle "CBM 206 Extra"]
[Source "ChessBase"]
[SourceDate "2022.03.31"]
[SourceVersion "1"]
[SourceVersionDate "2022.03.31"]
[SourceQuality "1"]

1. d4 Nf6 2. c4 e6 3. Nf3 b6 4. g3 Ba6 5. Qc2 Bb7 6. Bg2 c5 7. d5 exd5 8. cxd5 Nxd5 9. 0-0 Be7 10. Rd1 Nc6 11. Qf5 Nf6 12. e4 0-0 13. e5 g6 14. Qf4 Nh5 15. Qc4 Qc7 16. Bh6 Ng7 17. Nc3 Nxe5 18. Nxe5 Bxg2 19. Bf4 d6 20. Ng4 Bf3 21. Nh6+ Kh8 22. Rd3 Qb7 23. Nxf7+ Rxf7 24. Qxf7 Rf8 25. Qb3 g5 26. Bd2 Nf5 27. Nb5 Nd4 28. Nxd4 cxd4 29. Re1 Be4 30. Rxe4 Qxe4 31. Rxd4 Qf5 32. Qe3 Kg8 33. Qb3+ Rf7 34. Be3 h5 35. Rd5 Qf3 36. Qd1 Qxd1+ 37. Rxd1 Rf5 38. Rc1 Ra5 39. a3 Kf7 40. Rc7 Ke6 41. Bd2 Rd5 42. Be3 Ra5 43. Bd2 Rb5 44. b4 a5 45. Rb7 axb4 46. Bxb4 h4 47. gxh4 gxh4 48. h3 Bf6 49. Rh7 Rf5 50. Kf1 d5 51. Ke2 d4 52. Rb7 b5 53. Rb6+ Kf7 54. Rb7+ Kg6 55. Rb6 Rd5 56. Kd3 Kf5 57. Bd2 Rc5 58. Rb7 Kg6 59. Rb6 Kf5 60. Rb8 Rd5 61. Bb4 Kf4 62. Rf8 Kg5 63. f4+ Kg6 64. Ke4 Rd7 65. Rg8+ Kf7 66. Rg1 Rc7 67. Kf5 Rd7 68. Rc1 d3 69. Ke4 d2 70. Rd1 Bb2 71. Ke3 Bc1 72. Bxd2 Bxa3 73. Rb1 Bc5+ 74. Ke2 Rb7 75. Be1 Be7 76. Bb4 Bf6 77. Kf3 Rd7 78. Rb3 Ke6 79. Bc5 Rd5 80. Rxb5 Kf5 81. Ra5 Bc3 82. Bb4 1/2-1/2

[Event "PRO League Stage"]
[Site "Chess.com INT"]
[Date "2019.02.27"]
[Round "8"]
[White "Xu, Grant"]
[Black "Rodrigue Lemieux, Shawn"]
[Result "0-1"]
[WhiteElo "2207"]
[BlackElo "2293"]
[PlyCount "146"]
[EventDate "2019.01.08"]
[EventType "team-swiss (rapid)"]
[EventRounds "10"]
[EventCountry "USA"]
[SourceTitle "CBM 189 Extra"]
[Source "ChessBase"]
[SourceDate "2019.05.31"]
[SourceVersion "1"]
[SourceVersionDate "2019.05.31"]
[SourceQuality "1"]
[WhiteTeam "New York Marshalls"]
[BlackTeam "Montreal Chessbrahs"]
[WhiteTeamCountry "USA"]
[BlackTeamCountry "CAN"]

1. e4 c6 2. d4 d5 3. Nc3 dxe4 4. Nxe4 Nf6 5. Nxf6+ exf6 6. Nf3 Bd6 7. Bd3 0-0 8. 0-0 Re8 9. h3 Nd7 10. c4 Nf8 11. Re1 Ng6 12. Bd2 Be6 13. Qc2 Qd7 14. Bf1 Bf5 15. Qb3 Bf4 16. Bxf4 Nxf4 17. Re3 Ne6 18. Rd1 Rad8 19. Nh4 Bg6 20. Nxg6 hxg6 21. Red3 Nf4 22. R3d2 b6 23. Qf3 Ne6 24. d5 Ng5 25. Qf4 c5 26. f3 Nh7 27. Bd3 Re5 28. Re2 Rde8 29. Rde1 Qd6 30. Qd2 Ng5 31. h4 Rxe2 32. Rxe2 Rxe2 33. Qxe2 Nh7 34. Kf2 Nf8 35. g3 Kh7 36. f4 Nd7 37. h5 f5 38. hxg6+ fxg6 39. Kf3 Nf6 40. Qe5 Qd8 41. Qe6 Qe8 42. Qe5 Qa4 43. Ke2 Ng4 44. Qc3 Qe8+ 45. Kd1 Qe3 46. Qd2 Qxg3 47. Kc2 Ne3+ 48. Kb3 Qxf4 49. d6 Qd4 50. d7 Ng4 51. Qc3 Qxd7 52. Be2 Nf6 53. Qh3+ Kg8 54. Qg2 Kf7 55. Qa8 Ne4 56. a3 Qe7 57. Qd5+ Kf6 58. Bf3 Nd6 59. Ka2 g5 60. Qd3 g4 61. Bd5 Qe5 62. Qf1 Ne4 63. Qh1 Kg5 64. Bf7 g3 65. Qh5+ Kf4 66. Qh4+ Ke3 67. Qh3 Kf2 68. Qh4 g5 69. Qh5 g2 70. Bd5 g1Q 71. Qh3 Nc3+ 72. bxc3 Qe2+ 73. Kb3 Qgd1# 0-1